[Event "German Bundesliga 2021-22"]
[Site "Germany"]
[Date "2022.03.05"]
[Round "1.5"]
[White "Lipok, Christoph"]
[Black "Maze, Sebastien"]
[Result "1/2-1/2"]
[WhiteElo "2271"]
[BlackElo "2527"]
[Annotator "ChessBase"]
[PlyCount "73"]
[EventDate "2022.03.05"]
[EventType "team-tourn"]
[EventCountry "GER"]
[SourceTitle "playchess.com"]
[Source "ChessBase"]
[SourceQuality "1"]
[TimeControl "40/5400+30:1800+30"]

1. d4 {[%emt 0:00:00]} Nf6 {[%emt 0:00:00]} 2. c4 {[%emt 0:00:00]} e6 {[%emt 0:00:00]} 3. Nc3 {[%emt 0:00:00]} Bb4 {[%emt 0:00:00]} 4. Qc2 {[%emt 0:00:00]} O-O {[%emt 0:00:00]} 5. a3 {[%emt 0:00:00]} Bxc3+ {[%emt 0:00:00]} 6. Qxc3 {[%emt 0:00:00]} b6 {[%emt 0:00:00]} 7. Bg5 {[%emt 0:00:00]} Bb7 {[%emt 0:00:00]} 8. e3 {[%emt 0:00:00]} d6 {[%emt 0:00:00]} 9. Ne2 {[%emt 0:00:00]} Nbd7 {[%emt 0:00:00]} 10. Qc2 {[%emt 0:00:00]} h6 {[%emt 0:00:00]} 11. Bh4 {[%emt 0:00:00]} c5 {[%emt 0:00:00]} 12. Rd1 {[%emt 0:00:00]} Qe7 {[%emt 0:00:00]} 13. Nc3 {[%emt 0:00:00]} cxd4 {[%emt 0:00:00]} 14. Rxd4 {[%emt 0:00:00]} Ne5 {[%emt 0:00:00]} 15. Be2 {[%emt 0:00:00]} Rfc8 {[%emt 0:00:00]} 16. O-O {[%emt 0:01:26]} Ng6 {[%emt 0:22:09]} 17. Bg3 {[%emt 0:09:35]} d5 {[%emt 0:00:22]} 18. cxd5 {[%emt 0:05:03]} Nxd5 {[%emt 0:01:14]} 19. Nxd5 {[%emt 0:00:44]} Bxd5 {[%emt 0:00:25]} 20. Qd2 {[%emt 0:07:24]} Qb7 {[%emt 0:01:57]} 21. f3 {[%emt 0:00:38]} Ne7 {[%emt 0:02:23]} 22. e4 {[%emt 0:00:58]} Bc6 {[%emt 0:00:03]} 23. Rc1 {[%emt 0:14:52]} Be8 {[%emt 0:07:23]} 24. Rxc8 {[%emt 0:04:23]} Rxc8 {[%emt 0:00:03]} 25. Rd8 {[%emt 0:01:27]} Nc6 {[%emt 0:00:34]} 26. Rxc8 {[%emt 0:01:48]} Qxc8 {[%emt 0:00:02]} 27. Qd6 {[%emt 0:01:24]} f6 {[%emt 0:01:15]} 28. Ba6 {[%emt 0:11:03]} Qxa6 {[%emt 0:10:34]} 29. Qxe6+ {[%emt 0:00:03]} Kh7 {[%emt 0:02:33]} 30. Qxe8 {[%emt 0:00:27]} Qc4 {[%emt 0:00:05]} 31. h4 {[%emt 0:04:27]} Qc1+ {[%emt 0:00:13]} 32. Kh2 {[%emt 0:00:07]} Nd4 {[%emt 0:00:01]} 33. h5 {[%emt 0:08:58]} Qxb2 {[%emt 0:03:56]} 34. Qg6+ {[%emt 0:00:11]} Kh8 {[%emt 0:00:03]} 35. Qe8+ {[%emt 0:00:10]} Kh7 {[%emt 0:00:03]} 36. Qg6+ {[%emt 0:00:06]} Kh8 {[%emt 0:00:02]} 37. Qe8+ 1/2-1/2

[Event "German Bundesliga 2021-22"]
[Site "Germany"]
[Date "2022.03.05"]
[Round "1.6"]
[White "Pruijssers, Roeland"]
[Black "Meier, Georg"]
[Result "1/2-1/2"]
[WhiteElo "2565"]
[BlackElo "2631"]
[Annotator "TA"]
[PlyCount "42"]
[EventDate "2022.03.05"]
[EventType "team-tourn"]
[EventCountry "GER"]
[SourceTitle "playchess.com"]
[Source "ChessBase"]
[SourceQuality "1"]

{[%evp 15,42,12,10,8,12,8,15,9,12,9,8,0,0,0,0,0,0,-24,-16,-26,-23,-23,-15,-22,-20,-22,-25,-15,0]} 1. c4 e6 2. Nc3 d5 3. d4 Be7 4. Nf3 Nf6 5. Bf4 O-O 6. e3 Nbd7 7. c5 c6 8. Bd3 {8.h3 is more advanced technology.} b6 9. b4 {D37: Queen's Gambit Declined: 5 Bf4.} a5 10. a3 Ba6 {[#] Threatens to win with ...Bxd3.} 11. Bxa6 Rxa6 12. O-O Qa8 13. b5 cxb5 14. Nxb5 {[#] Strongly threatening Nc7.} Qc6 {[#]} 15. Nc7 $146 ({Predecessor:} 15. a4 bxc5 16. dxc5 Bxc5 17. Rc1 Ne4 18. Ne5 Nxe5 19. Bxe5 f6 20. Ba1 Qb7 21. Re1 {0-1 (29) Wiwatanadate,P (2035)-Trost,E (2184) Chess.com INT 2021}) 15... Ra7 16. cxb6 (16. Bd6 $5 {[%cal Rd6e7]}) 16... Nxb6 {And now ...Nc4 would win.} 17. Rc1 Nc4 18. Ne5 Qxc7 19. Nxc4 Qb7 20. Nxa5 Rxa5 21. Rc7 Qb5 {An even fight not without its subleties.  Weighted Error Value: White=0.04 (flawless) /Black=0.00 (flawless)} 1/2-1/2

[Event "German Bundesliga 2021-22"]
[Site "Germany"]
[Date "2022.03.05"]
[Round "1.6"]
[White "Gavrilescu, David"]
[Black "Coenen, Norbert"]
[Result "1-0"]
[WhiteElo "2512"]
[BlackElo "2276"]
[Annotator "ChessBase"]
[PlyCount "63"]
[EventDate "2022.03.05"]
[EventType "team-tourn"]
[EventCountry "GER"]
[SourceTitle "playchess.com"]
[Source "ChessBase"]
[SourceQuality "1"]
[TimeControl "40/5400+30:1800+30"]

1. e4 {[%emt 0:00:00]} e5 {[%emt 0:00:00]} 2. Nf3 {[%emt 0:00:00]} Nc6 {[%emt 0:00:00]} 3. Bc4 {[%emt 0:00:00]} Bc5 {[%emt 0:00:00]} 4. c3 {[%emt 0:00:00]} Nf6 {[%emt 0:00:00]} 5. d4 {[%emt 0:00:00]} exd4 {[%emt 0:00:00]} 6. e5 {[%emt 0:00:00]} d5 {[%emt 0:00:00]} 7. Bb5 {[%emt 0:00:00]} Ne4 {[%emt 0:00:00]} 8. cxd4 {[%emt 0:00:00]} Bb6 {[%emt 0:00:00]} 9. Nc3 {[%emt 0:00:00]} O-O {[%emt 0:00:00]} 10. Be3 {[%emt 0:00:00]} Bg4 {[%emt 0:00:00]} 11. h3 {[%emt 0:00:00]} Bh5 {[%emt 0:00:00]} 12. Qc2 {[%emt 0:00:00]} Bxf3 {[%emt 0:05:33]} 13. gxf3 {[%emt 0:00:00]} Ng5 {[%emt 0:02:11]} 14. O-O-O {[%emt 0:00:00]} Nxf3 {[%emt 0:01:05]} 15. Bxc6 {[%emt 0:00:00]} bxc6 {[%emt 0:00:14]} 16. h4 {[%emt 0:03:08]} f5 {[%emt 0:09:46]} 17. Qe2 {[%emt 0:04:05]} f4 {[%emt 0:00:49]} 18. Qxf3 {[%emt 0:00:05]} fxe3 {[%emt 0:00:12]} 19. Qxe3 {[%emt 0:00:03]} Qe7 {[%emt 0:08:37]} 20. Rdg1 {[%emt 0:09:59]} Qf7 {[%emt 0:05:20]} 21. Rg2 {[%emt 0:06:22]} Qf4 {[%emt 0:04:11]} 22. Ne2 {[%emt 0:02:54]} Qxe3+ {[%emt 0:01:23]} 23. fxe3 {[%emt 0:00:02]} c5 {[%emt 0:02:55]} 24. Rhg1 {[%emt 0:07:06]} Rf7 {[%emt 0:02:00]} 25. Nf4 {[%emt 0:19:29]} c6 {[%emt 0:13:31]} 26. Nh5 {[%emt 0:04:21]} cxd4 {[%emt 0:06:25]} 27. Rxg7+ {[%emt 0:02:21]} Rxg7 {[%emt 0:01:39]} 28. Rxg7+ {[%emt 0:00:05]} Kf8 {[%emt 0:05:25]} 29. e6 {[%emt 0:01:25]} Bd8 {[%emt 0:00:21]} 30. Rxh7 {[%emt 0:00:07]} Kg8 {[%emt 0:01:19]} 31. e7 {[%emt 0:00:10]} dxe3 {[%emt 0:00:51]} 32. Nf6# {[%emt 0:00:05]} 1-0

[Event "German Bundesliga 2021-22"]
[Site "Germany"]
[Date "2022.03.05"]
[Round "1.6"]
[White "Libiszewski, Fabien"]
[Black "Fauth, Dietmar"]
[Result "1-0"]
[WhiteElo "2505"]
[BlackElo "2188"]
[Annotator "ChessBase"]
[PlyCount "59"]
[EventDate "2022.03.05"]
[EventType "team-tourn"]
[EventCountry "GER"]
[SourceTitle "playchess.com"]
[Source "ChessBase"]
[SourceQuality "1"]
[TimeControl "40/5400+30:1800+30"]

1. e4 {[%emt 0:00:00]} c5 {[%emt 0:00:00]} 2. Nf3 {[%emt 0:00:00]} Nc6 {[%emt 0:00:00]} 3. Bb5 {[%emt 0:00:00]} Nf6 {[%emt 0:00:00]} 4. Nc3 {[%emt 0:00:00]} g6 {[%emt 0:00:00]} 5. Bxc6 {[%emt 0:00:00]} dxc6 {[%emt 0:00:00]} 6. h3 {[%emt 0:00:00]} Bg7 {[%emt 0:00:00]} 7. d3 {[%emt 0:00:00]} O-O {[%emt 0:00:00]} 8. Be3 {[%emt 0:00:00]} Qa5 {[%emt 0:16:28]} 9. Nd2 {[%emt 0:01:22]} b6 {[%emt 0:21:50]} 10. O-O {[%emt 0:02:09]} Qa6 {[%emt 0:10:15]} 11. f4 {[%emt 0:01:30]} Qb7 {[%emt 0:04:15]} 12. Qe1 {[%emt 0:00:35]} Qc7 {[%emt 0:06:31]} 13. Qh4 {[%emt 0:01:06]} Ba6 {[%emt 0:02:43]} 14. f5 {[%emt 0:03:27]} Rae8 {[%emt 0:14:42]} 15. Nf3 {[%emt 0:03:19]} Bc8 {[%emt 0:04:16]} 16. Rae1 {[%emt 0:07:40]} e5 {[%emt 0:05:04]} 17. Bg5 {[%emt 0:08:01]} Qd6 {[%emt 0:00:12]} 18. Nh2 {[%emt 0:03:33]} gxf5 19. exf5 {[%emt 0:04:36]} Qd4+ {[%emt 0:02:01]} 20. Kh1 {[%emt 0:00:10]} Qxh4 {[%emt 0:00:04]} 21. Bxh4 {[%emt 0:00:03]} Nd5 {[%emt 0:02:04]} 22. f6 {[%emt 0:18:48]} Bh6 {[%emt 0:00:18]} 23. Nxd5 {[%emt 0:05:09]} cxd5 {[%emt 0:00:02]} 24. Ng4 {[%emt 0:00:04]} Bf4 {[%emt 0:02:34]} 25. Rxf4 {[%emt 0:00:49]} exf4 {[%emt 0:00:02]} 26. Nh6+ {[%emt 0:00:04]} Kh8 {[%emt 0:00:08]} 27. Nxf7+ {[%emt 0:00:12]} Kg8 {[%emt 0:00:20]} 28. Nh6+ {[%emt 0:00:05]} Kh8 {[%emt 0:00:05]} 29. Rxe8 {[%emt 0:00:28]} Rxe8 {[%emt 0:00:01]} 30. f7 {[%emt 0:00:09]} 1-0

[Event "German Bundesliga 2021-22"]
[Site "Germany"]
[Date "2022.03.05"]
[Round "1.6"]
[White "Johansson, Linus"]
[Black "Jakubowski, Krzysztof"]
[Result "1/2-1/2"]
[WhiteElo "2473"]
[BlackElo "2475"]
[Annotator "ChessBase"]
[PlyCount "86"]
[EventDate "2022.03.05"]
[EventType "team-tourn"]
[EventCountry "GER"]
[SourceTitle "playchess.com"]
[Source "ChessBase"]
[SourceQuality "1"]
[TimeControl "40/5400+30:1800+30"]

1. d4 {[%emt 0:00:00]} Nf6 {[%emt 0:00:00]} 2. c4 {[%emt 0:00:00]} e6 {[%emt 0:00:00]} 3. Nf3 {[%emt 0:00:00]} d5 {[%emt 0:00:00]} 4. Nc3 {[%emt 0:00:00]} Be7 {[%emt 0:00:00]} 5. Bf4 {[%emt 0:00:00]} O-O {[%emt 0:00:00]} 6. e3 {[%emt 0:00:00]} Nbd7 {[%emt 0:00:00]} 7. c5 {[%emt 0:00:00]} Nh5 {[%emt 0:00:00]} 8. b4 {[%emt 0:00:00]} Nxf4 {[%emt 0:07:48]} 9. exf4 {[%emt 0:00:00]} b6 {[%emt 0:00:07]} 10. a3 {[%emt 0:13:56]} c6 {[%emt 0:06:53]} 11. Bd3 {[%emt 0:11:39]} a5 {[%emt 0:01:27]} 12. O-O {[%emt 0:00:21]} Ba6 {[%emt 0:00:11]} 13. Bxa6 {[%emt 0:07:13]} Rxa6 {[%emt 0:00:09]} 14. Qe2 {[%emt 0:01:16]} b5 {[%emt 0:20:52]} 15. Rfb1 {[%emt 0:07:35]} Bf6 {[%emt 0:09:11]} 16. Ra2 {[%emt 0:08:03]} Ra8 {[%emt 0:28:47]} 17. g3 {[%emt 0:00:47]} g6 {[%emt 0:01:55]} 18. Kg2 {[%emt 0:00:25]} Qc7 {[%emt 0:00:26]} 19. h4 {[%emt 0:09:34]} Ra7 {[%emt 0:01:24]} 20. Qd2 {[%emt 0:11:42]} Rfa8 {[%emt 0:01:03]} 21. Ne5 {[%emt 0:04:14]} h5 {[%emt 0:07:47]} 22. a4 {[%emt 0:03:30]} axb4 {[%emt 0:00:15]} 23. Rxb4 {[%emt 0:00:06]} bxa4 {[%emt 0:00:46]} 24. Raxa4 {[%emt 0:00:50]} Nxe5 {[%emt 0:02:20]} 25. fxe5 {[%emt 0:01:48]} Bd8 {[%emt 0:01:15]} 26. Qb2 {[%emt 0:02:00]} Kg7 {[%emt 0:01:56]} 27. Qb3 {[%emt 0:00:49]} Qe7 {[%emt 0:01:47]} 28. Rxa7 {[%emt 0:10:52]} Rxa7 {[%emt 0:00:18]} 29. Ne2 {[%emt 0:00:55]} Ba5 {[%emt 0:04:00]} 30. Ra4 {[%emt 0:01:36]} Bd2 {[%emt 0:00:52]} 31. Ng1 {[%emt 0:01:54]} Rxa4 {[%emt 0:01:11]} 32. Qxa4 {[%emt 0:00:06]} Qb7 {[%emt 0:00:05]} 33. Nf3 {[%emt 0:00:51]} Bc3 {[%emt 0:01:31]} 34. Qa3 {[%emt 0:01:42]} Bb2 {[%emt 0:01:47]} 35. Qa5 {[%emt 0:00:30]} Bc1 {[%emt 0:00:22]} 36. Qb6 {[%emt 0:00:31]} Qa8 {[%emt 0:00:05]} 37. Qb3 {[%emt 0:01:28]} Qa5 {[%emt 0:01:19]} 38. Kf1 {[%emt 0:01:49]} Bh6 {[%emt 0:00:25]} 39. Kg2 {[%emt 0:00:41]} Qa1 {[%emt 0:00:33]} 40. Qc2 {[%emt 0:00:44]} Qa3 {[%emt 0:00:30]} 41. Ne1 {[%emt 0:30:52]} Qa1 {[%emt 0:00:00]} 42. Nf3 {[%emt 0:00:00]} Kg8 {[%emt 0:00:00]} 43. Qb3 {[%emt 0:00:00]} Kg7 {[%emt 0:00:00]} 1/2-1/2

[Event "German Bundesliga 2021-22"]
[Site "Germany"]
[Date "2022.03.05"]
[Round "1.7"]
[White "Movsesian, Sergei"]
[Black "Grigorian, Spartak"]
[Result "1/2-1/2"]
[WhiteElo "2606"]
[BlackElo "2477"]
[Annotator "TA"]
[PlyCount "47"]
[EventDate "2022.03.05"]
[EventType "team-tourn"]
[EventCountry "GER"]
[SourceTitle "playchess.com"]
[Source "ChessBase"]
[SourceQuality "1"]

{[%evp 15,47,19,26,0,0,0,-6,0,7,0,0,0,0,0,7,-8,0,0,0,0,0,-14,-23,-36,-35,-39,-19,-14,-22,-15,-23,-25,-18,-42]} 1. e4 c5 2. Nc3 d6 3. Nge2 Nf6 4. d4 cxd4 5. Nxd4 a6 6. g3 e5 7. Nde2 Be7 8. Bg2 b5 9. a4 {B91: Sicilian Najdorf: 6 g3.} b4 10. Nd5 Nxd5 11. Qxd5 Ra7 12. Be3 Be6 13. Qd3 Rb7 14. O-O O-O {[%cal Bh8f8,Bf8c8,Bc8c6][%mdl 32]} 15. b3 {[#]} Qd7 $146 ({Predecessor:} 15... Qc8 16. Rac1 Rc7 17. Qd2 Qb7 18. f4 f6 19. Rb1 Rfc8 20. Rfc1 Nc6 21. c3 bxc3 22. Nxc3 {0-1 (80) Bukowska,K (1859)-Jakubiec,E (2221) Jastrzebia Gora 2019}) 16. f4 {[#] Black must now prevent f5.} f6 17. f5 Bf7 18. g4 Rc8 19. Rac1 Rc6 20. Qd2 Qc8 {Threatens to win with ...Rbc7.} 21. c4 bxc3 $1 22. Nxc3 Rxb3 23. Nd5 Bd8 24. g5 {Weighted Error Value: White=0.05 (flawless) /Black=0.03 (flawless)} 1/2-1/2

[Event "German Bundesliga 2021-22"]
[Site "Germany"]
[Date "2022.03.16"]
[Round "1.7"]
[White "Hess, Max"]
[Black "Lokander, Martin"]
[Result "1/2-1/2"]
[WhiteElo "2395"]
[BlackElo "2473"]
[Annotator "TA"]
[PlyCount "133"]
[EventDate "2022.03.05"]
[EventType "team-tourn"]
[EventCountry "GER"]

{[%evp 9,133,12,0,6,18,-63,18,6,38,50,82,64,54,56,59,-89,-59,-43,-8,-34,-32,-48,-49,-118,-102,-165,-69,-68,-54,-68,-20,-22,-12,-19,-25,-22,215,206,332,248,443,450,434,96,96,87,408,409,500,387,436,248,239,60,65,70,68,0,0,0,139,163,562,535,508,2,5,-493,-470,-868,-828,-804,-204,-529,-555,-552,-351,-434,0,-507,-568,-481,-312,-300,-340,-340,-320,-340,-327,-294,-12,-12,-8,-8,0,0,0,0,0,0,39,43,72,0,0,0,0,0,0,0,0,0,0,0,0,0,0,0,0,0,0,0,0,0,0,0]} 1. Nf3 d5 2. d4 Nf6 3. g3 c5 4. Bg2 cxd4 5. O-O h6 6. b3 {D02: 1 d4 d5 2 Nf3 sidelines, including 2...Nf6 3 g3 and 2...Nf6 3 Bf4.} h5 {[#]} 7. h3 $146 (7. Qxd4 $11 Nc6 8. Qf4) ({Predecessor:} 7. Bf4 h4 8. Nxh4 Nc6 9. Nf3 Rh5 10. h4 e5 11. Bg5 Be7 12. c3 dxc3 13. Nxc3 d4 {½-½ (44) Lin,Y (2360)-Plazuelo Pascual,J (2464) Lorca 2021}) 7... g6 ({Black should try} 7... h4 $1 $15 8. Nxh4 e5) 8. Nxd4 $11 h4 9. g4 e5 10. Nb5 {[%cal Og2d5]} a6 11. N5c3 {[%cal Rc3d5]} d4 12. g5 Nh7 13. Ne4 Be7 14. f4 Bf5 15. e3 Nc6 16. Bb2 (16. fxe5 $15 Nxg5 17. Nxg5 Bxg5 18. Na3) 16... dxe3 $17 17. Qe1 (17. Qf3 $17 {is a better defense.}) 17... Qb6 (17... Bxe4 $19 18. Bxe4 Bc5) 18. Nbc3 $1 $15 O-O-O {Strongly threatening ...exf4.} (18... e2+ 19. Rf2 $11) 19. Na4 Qa7 (19... Qc7 $15 {was preferrable.} 20. Qxe3 exf4 21. Qxf4 (21. Rxf4 Bxe4 22. Rxe4 Rhe8 $11) 21... Qxf4 22. Rxf4 Nxg5) 20. Kh1 $1 $11 Rhe8 21. Bc1 $1 {[%cal Bb2c1,Bc1e3,Be3f4][%mdl 32]} exf4 22. Rxf4 {[%cal Bf1f4,Bf4h4,Bh4h7][%mdl 32]} Qd4 (22... Nxg5 23. Bxe3 Rd4 24. Qg1 (24. Rxf5 Nxe4 25. Bxd4 Nxd4 $11) 24... Nxe4 25. Bxe4 $18) (22... Bxe4 $11 {and Black has nothing to worry.} 23. Bxe4 Bc5 24. Nxc5 Qxc5 25. Bxe3 Qxg5) 23. Bxe3 $18 Qe5 (23... Qh8 $142) 24. Rxh4 b5 $2 {[#]} (24... Bxg5 {keeps fighting.} 25. Nxg5 Nxg5 26. Nb6+ Kb8) 25. Bf4 $1 Qe6 {[%cal Oh7g5] [#]} 26. Nb6+ $2 (26. Rxh7 Bb4 $18) (26. Nec5 $1 $18 {[%cal Ra4b6] and the rest is easy.} Qxe1+ 27. Rxe1 Bxc5 28. Rxe8) 26... Kb7 $16 27. Rxh7 {[%cal Oe4c3] White is more active.} Kxb6 $2 {[%mdl 8192]} (27... Ba3 $16) 28. Qf2+ $18 Nd4 29. Ng3 Bc5 {[%cal Od4b3] Threatens to win with ...Nxb3!} 30. b4 (30. Nxf5 $142 Qxf5 31. Bc7+ $1 {[%mdl 512]} Ka7 32. Qxf5 Nxf5 33. Bxd8 Rxd8 34. Rxf7+ Kb8 35. a4) 30... Bxb4 31. c3 $2 (31. Nxf5 $18 Qxf5 32. Bc7+ $1 {[%mdl 512]} Kc5 33. Qxf5+ (33. Rxf7 Qxf2 34. Rxf2 Rd7 $16) 33... Nxf5 34. Bxd8 (34. Rxf7 Bc3 $16) 34... Rxd8 35. Rxf7) 31... Bxc3 $14 32. Rc1 b4 33. Nxf5 ({Better is} 33. a3 $14 a5 34. Nxf5 Qxf5 35. Bc7+ $1 Ka7 36. Qxf5 (36. Rxf7 Qxf2 37. Rxf2 Rd7 $14) 36... Nxf5 37. Bxa5 (37. Bxd8 Rxd8 38. Rxf7+ Kb6 $14)) 33... Qxf5 $11 34. Bc7+ {This bishop pair is nice.} Kb5 (34... Kc5 $1 $11 35. Qxf5+ (35. Rxf7 Qxf2 36. Rxf2 Rd7 $11) 35... Nxf5) 35. Qf1+ $1 $16 {[%mdl 64] Skewer} (35. Rxf7 $6 Qxf2 36. Rxf2 Rd7 $11) 35... Ne2 $2 (35... Qxf1+ 36. Bxf1+ Ka4) 36. Bxd8 $18 Qd3 {[#] ...Ng3+ is the strong threat.} 37. Qxf7 $1 Rxd8 $11 {[#]} 38. Qb7+ $2 {[%mdl 8192]} (38. Bc6+ $1 $11 {and White stays safe.} Kxc6 39. Qb7+ Kc5 40. Rc7+ Kd4 41. Qb6+ Ke4 42. Re7+ (42. Qe6+ Be5 $11) 42... Kf4 43. Qf2+ (43. Rxe2 $2 Qxe2 44. Qxd8 Qf3+ 45. Kh2 Qg3+ 46. Kh1 Qxh3+ 47. Kg1 Qe3+ 48. Kg2 Qxc1 $19) 43... Kxg5 44. h4+ Kh6 45. Rxe2 Qh3+ 46. Qh2) 38... Ka4 $19 39. Qc6+ (39. Rf7 $142 Nxc1 40. Bf1 Qd5+ 41. Qxd5 Rxd5 42. Bxa6) 39... Ka3 40. Rxc3+ Nxc3 $2 (40... bxc3 41. Qc5+ Kb2 42. Rb7+ Ka1) 41. Rf7 $2 (41. Qc5 {is more resistant.} Qd1+ 42. Kh2 Nxa2 43. Rf7 (43. Qa5+ $2 Kb2 $19)) 41... a5 42. Rf3 Qd1+ 43. Rf1 Qd3 44. Rf3 $1 Qc2 45. Qc4 Rd1+ (45... Qxa2 46. Rxc3+ bxc3 47. Qxc3+ Qb3 48. Qxa5+ Qa4 49. Qxd8 $18) 46. Kh2 Rd2 {Inhibits Rf2.} (46... Qxa2 47. Rxc3+ bxc3 48. Qxc3+ Qb3 49. Qxa5+ Kb2 50. Qe5+ Qc3 51. Qxc3+ Kxc3 52. Be4 $11) 47. Rg3 a4 (47... Qxa2 48. Rxc3+ bxc3 49. Qxc3+ Ka4 50. Qc6+ Ka3 51. Qc3+ Ka4 52. Qc6+ Kb4 53. Qb6+ Ka4 54. Qc6+ $17) 48. h4 {[%cal Oh4h5]} Qd1 49. Rg4 {Prevents Rd4.} Nxa2 (49... Rb2 $1 $19 {Hoping for ...Ne2.} 50. Rg3 Rd2) 50. h5 $1 $11 gxh5 (50... Rd7 $5 51. h6 Qd6+ 52. Rg3+ b3 $11) 51. Rg3+ Kb2 {And now ...Rd4 would win.} (51... Nc3 $5 52. g6 Rd4 53. Rxc3+ bxc3 54. Qxc3+ Ka2 $11) 52. g6 {Black must now prevent g7.} Rd4 (52... b3 53. g7 Rd4 54. Qc6 $18 (54. g8=Q Rxc4 55. Qxc4 h4 $16)) 53. Qf7 {aiming for g7.} h4 {[%cal Bh5h4,Bh4h3][%mdl 32]} ({Don't play} 53... b3 54. g7 Rd8 55. g8=Q (55. Qf6+ Ka3 $14) 55... Rxg8 56. Qf6+ Ka3 57. Rxg8 $14) 54. Rf3 h3 55. Rf2+ Rd2 $1 {[#]} 56. g7 $1 hxg2 {The position is equal.} 57. Rxd2+ Qxd2 58. g8=Q {Dancing on a razor blade.} b3 59. Qxg2 Qxg2+ 60. Kxg2 a3 61. Qf2+ Kb1 62. Qf5+ Ka1 63. Qf1+ Kb2 64. Qe2+ Kb1 65. Qd3+ Kb2 66. Qd2+ Kb1 67. Qd3+ {White happily takes the draw.  Weighted Error Value: White=0.61/Black=0.90} 1/2-1/2

[Event "German Bundesliga 2021-22"]
[Site "Germany"]
[Date "2022.03.05"]
[Round "1.7"]
[White "Meessen, Rudolf"]
[Black "Meshkovs, Nikita"]
[Result "0-1"]
[WhiteElo "2239"]
[BlackElo "2559"]
[Annotator "ChessBase"]
[PlyCount "74"]
[EventDate "2022.03.05"]
[EventType "team-tourn"]
[EventCountry "GER"]
[SourceTitle "playchess.com"]
[Source "ChessBase"]
[SourceQuality "1"]
[TimeControl "40/5400+30:1800+30"]

1. d4 {[%emt 0:03:47]} Nf6 {[%emt 0:00:00]} 2. Nc3 {[%emt 0:00:07]} d5 {[%emt 0:00:00]} 3. Bf4 {[%emt 0:00:04]} e6 {[%emt 0:00:00]} 4. Nb5 {[%emt 0:00:06]} Na6 {[%emt 0:00:00]} 5. e3 {[%emt 0:00:16]} c6 {[%emt 0:00:00]} 6. Nc3 {[%emt 0:00:07]} Nc7 {[%emt 0:00:00]} 7. Bd3 {[%emt 0:03:38]} Be7 {[%emt 0:04:18]} 8. Nf3 {[%emt 0:12:32]} O-O {[%emt 0:06:16]} 9. Ne5 {[%emt 0:00:07]} Nce8 {[%emt 0:00:10]} 10. Qf3 {[%emt 0:03:16]} Nd7 {[%emt 0:07:52]} 11. Qh3 {[%emt 0:01:10]} f5 {[%emt 0:02:48]} 12. g4 {[%emt 0:00:41]} Nd6 {[%emt 0:04:32]} 13. Rg1 {[%emt 0:02:58]} Nxe5 {[%emt 0:23:11]} 14. Bxe5 {[%emt 0:06:53]} Bf6 {[%emt 0:06:14]} 15. f4 {[%emt 0:08:07]} Ne4 {[%emt 0:13:24]} 16. Nxe4 {[%emt 0:10:47]} fxe4 {[%emt 0:01:28]} 17. Be2 {[%emt 0:03:12]} Bxe5 {[%emt 0:01:16]} 18. fxe5 {[%emt 0:00:06]} Qa5+ {[%emt 0:01:29]} 19. c3 {[%emt 0:00:45]} c5 {[%emt 0:00:01]} 20. g5 {[%emt 0:01:26]} b5 {[%emt 0:04:59]} 21. g6 {[%emt 0:14:18]} h6 {[%emt 0:00:54]} 22. Rf1 {[%emt 0:03:37]} Bd7 {[%emt 0:00:36]} 23. Bg4 {[%emt 0:01:25]} b4 {[%emt 0:06:23]} 24. Bxe6+ {[%emt 0:01:19]} Kh8 {[%emt 0:00:01]} 25. Rf7 {[%emt 0:16:41]} Bxe6 {[%emt 0:01:31]} 26. Qxe6 {[%emt 0:00:12]} bxc3 {[%emt 0:00:05]} 27. Kf2 {[%emt 0:04:33]} cxb2 {[%emt 0:00:34]} 28. Rf1 {[%emt 0:00:14]} b1=Q {[%emt 0:01:48]} 29. Rxb1 {[%emt 0:00:16]} Qxa2+ {[%emt 0:00:03]} 30. Kg3 {[%emt 0:00:24]} Qxb1 {[%emt 0:00:02]} 31. Qf5 {[%emt 0:01:30]} Qg1+ {[%emt 0:00:36]} 32. Kh3 {[%emt 0:00:55]} Qxe3+ {[%emt 0:00:08]} 33. Kh4 {[%emt 0:00:29]} Qg5+ {[%emt 0:00:18]} 34. Qxg5 {[%emt 0:00:06]} hxg5+ {[%emt 0:00:03]} 35. Kxg5 {[%emt 0:00:36]} e3 {[%emt 0:00:23]} 36. e6 {[%emt 0:00:06]} e2 {[%emt 0:00:02]} 37. e7 {[%emt 0:00:05]} Rfe8 {[%emt 0:00:02]} 0-1

[Event "German Bundesliga 2021-22"]
[Site "Germany"]
[Date "2022.03.05"]
[Round "1.7"]
[White "Mueller, Werner"]
[Black "Beikert, Guenther"]
[Result "1-0"]
[WhiteElo "2218"]
[BlackElo "2369"]
[Annotator "NA"]
[PlyCount "72"]
[EventDate "2022.03.05"]
[EventType "team-tourn"]
[EventCountry "GER"]
[SourceTitle "playchess.com"]
[Source "ChessBase"]
[SourceQuality "1"]
[TimeControl "40/5400+30:1800+30"]

1. e4 {[%emt 0:00:00]} c5 {[%emt 0:00:00]} 2. Nf3 {[%emt 0:00:00]} d6 {[%emt 0:00:00]} 3. d3 {[%emt 0:00:00]} Nc6 {[%emt 0:00:00]} 4. g3 {[%emt 0:00:00]} g6 {[%emt 0:00:00]} 5. Bg2 {[%emt 0:00:00]} Bg7 {[%emt 0:00:00]} 6. O-O {[%emt 0:00:00]} e5 {[%emt 0:00:00]} 7. Nbd2 {[%emt 0:00:00]} Nge7 {[%emt 0:00:00]} 8. a4 {[%emt 0:08:47]} O-O {[%emt 0:00:00]} 9. Nc4 {[%emt 0:01:49]} h6 {[%emt 0:00:00]} 10. Nfd2 {[%emt 0:16:20]} Be6 {[%emt 0:03:15]} 11. f4 {[%emt 0:05:31]} Qd7 {[%emt 0:07:15]} 12. fxe5 {[%emt 0:15:13]} dxe5 {[%emt 0:01:26]} 13. Nb3 {[%emt 0:00:23]} b6 {[%emt 0:03:39]} 14. a5 {[%emt 0:03:03]} Rab8 {[%emt 0:00:32]} 15. axb6 {[%emt 0:02:47]} axb6 {[%emt 0:03:41]} 16. Bd2 {[%emt 0:09:22]} Nd4 {[%emt 0:14:47]} 17. Nxd4 {[%emt 0:01:00]} Qxd4+ {[%emt 0:00:23]} 18. Be3 {[%emt 0:01:30]} Qd8 {[%emt 0:00:07]} 19. Qe2 {[%emt 0:07:16]} Nc6 {[%emt 0:06:07]} 20. Ra6 {[%emt 0:06:35]} Qc7 {[%emt 0:08:01]} 21. Rfa1 {[%emt 0:00:37]} Rfd8 {[%emt 0:01:51]} 22. Bf3 {[%emt 0:02:25]} b5 23. Na5 {[%emt 0:07:58]} Nb4 {[%emt 0:11:52]} 24. Rxe6 {[%emt 0:04:35]} fxe6 {[%emt 0:00:07]} 25. Nb3 {[%emt 0:00:48]} Bf8 {[%emt 0:01:06]} 26. Bg4 {[%emt 0:01:26]} Rb6 {[%emt 0:01:11]} 27. Qf2 {[%emt 0:00:34]} Rc6 {[%emt 0:20:48]} 28. Rf1 {[%emt 0:03:26]} Qe7 {[%emt 0:05:05]} 29. Qd2 {[%emt 0:00:59]} c4 {[%emt 0:04:02]} 30. Na5 {[%emt 0:00:49]} Ra6 {[%emt 0:00:13]} 31. Rxf8+ {[%emt 0:00:48]} Rxf8 {[%emt 0:01:00]} 32. Nb7 {[%emt 0:00:24]} Qxb7 {[%emt 0:02:49]} 33. Qxb4 {[%emt 0:00:07]} Ra1+ {[%emt 0:00:39]} 34. Kg2 {[%emt 0:00:08]} Qf7 {[%emt 0:00:21]} 35. Be2 {[%emt 0:00:14]} cxd3 {[%emt 0:01:39]} 36. cxd3 {[%emt 0:00:06]} Raa8 1-0